Welfare state U.S.A. : (Record no. 127004)
[ view plain ]
| 000 -LEADER | |
|---|---|
| fixed length control field | 00662nam a22002297a 4500 |
| 005 - DATE AND TIME OF LATEST TRANSACTION | |
| control field | 20170124110018.0 |
| 010 ## - LIBRARY OF CONGRESS CONTROL NUMBER | |
| LC control number | A-834998 |
| 020 ## - INTERNATIONAL STANDARD BOOK NUMBER | |
| Terms of availability | 00.00 |
| 035 ## - SYSTEM CONTROL NUMBER | |
| System control number | A-834998 |
| 037 ## - SOURCE OF ACQUISITION | |
| Stock number | Cen Lib/Ret |
| 040 ## - CATALOGING SOURCE | |
| Original cataloging agency | DPL |
| Language of cataloging | EN |
| 082 ## - DEWEY DECIMAL CLASSIFICATION NUMBER | |
| Classification number | 338 |
| Item number | ULM |
| 100 ## - MAIN ENTRY--PERSONAL NAME | |
| Personal name | Ulmer, Melville J. |
| 9 (RLIN) | 19106 |
| 245 ## - TITLE STATEMENT | |
| Title | Welfare state U.S.A. : |
| Statement of responsibility, etc | by OMelville J. Ulmer |
| Remainder of title | exploration in and beyond the new economics / |
| 260 ## - PUBLICATION, DISTRIBUTION, ETC. (IMPRINT) | |
| Place of publication, distribution, etc | Boston |
| Name of publisher, distributor, etc | Houghton Mifflin Company |
| Date of publication, distribution, etc | 1969 |
| 270 ## - ADDRESS | |
| City | Boston |
| 300 ## - PHYSICAL DESCRIPTION | |
| Extent | xiv, 203p. |
| Dimensions | 19cm(Hb) |
| 500 ## - GENERAL NOTE | |
| General note | Includes index |
| 650 ## - SUBJECT ADDED ENTRY--TOPICAL TERM | |
| Topical term or geographic name as entry element | Economics |
| 9 (RLIN) | 79770 |
| 650 ## - SUBJECT ADDED ENTRY--TOPICAL TERM | |
| Topical term or geographic name as entry element | welfare state |
| 9 (RLIN) | 14753 |
| 942 ## - ADDED ENTRY ELEMENTS (KOHA) | |
| Source of classification or shelving scheme | Dewey Decimal Classification |
| Koha item type | English Books |
| Classification part | 338 |
| Call number suffix | ULM |
| Withdrawn status | Lost status | Damaged status | Not for loan | Collection code | Home library | Current library | Date acquired | Source of acquisition | Cost, normal purchase price | Total Checkouts | Full call number | Barcode | Date last seen | Copy number | Cost, replacement price | Price effective from | Koha item type | Public note |
|---|---|---|---|---|---|---|---|---|---|---|---|---|---|---|---|---|---|---|
| Written off | Not For Loan | Reference | Central Library | Central Library | 27/06/2015 | Cen Lib/Ret | 0.00 | 338 ULM | A-834998 | 27/06/2015 | 1 | 0.00 | 27/06/2015 | English Books | Written off on approval by DLB (By Circulation); dtd 15-06-2023 |
